|
|
|
|
| LEADER |
00000cam a2200000 7i4500 |
| 001 |
0000012513 |
| 005 |
20241021.0 |
| 008 |
240711 si a eng |
| 020 |
|
|
|a 0071189564 (paperback)
|
| 040 |
|
|
|a INS
|b eng
|e rda
|
| 090 |
0 |
0 |
|a HF5415.1265
|b .S64 2001
|
| 100 |
1 |
|
|a Soh, Charlie Poh Peng ,
|e author
|
| 245 |
1 |
0 |
|a Profit from online stock investment
|c Charlie Soh Poh Peng
|
| 264 |
|
1 |
|a Singapore :
|b McGraw-Hill
|c 2001
|
| 264 |
|
4 |
|c ©2001
|
| 300 |
|
|
|a xii, 112 pages :
|b illustrations ;
|c 23 cm.
|
| 336 |
|
|
|a text
|2 rdacontent
|
| 337 |
|
|
|a unmediated
|2 rdamedia
|
| 338 |
|
|
|a volume
|2 rdacarrier
|
| 500 |
|
|
|a Includes index
|
| 650 |
|
0 |
|a Internet
|
| 999 |
|
|
|a 0000011618
|b BOOK
|c Open Shelf
|e Default branch
|
| 999 |
|
|
|a 0000011619
|b BOOK
|c Open Shelf
|e Default branch
|